Haikyuu!! — Karasuno Team Members - Statistics

General Stats
  • This quiz has been taken 694 times
  • The average score is 18 of 25
Answer Stats
Current Team Character % Correct
#10 (MB) Shōyō Hinata
99%
#9 (S) Tobio Kageyama
98%
#1 (WS) Daichi Sawamura
97%
#4 (L) Yū Nishinoya
97%
#11 (MB) Kei Tsukishima
96%
#2 (S) Kōshi Sugawara
95%
#3 (WS) Asahi Azumane
94%
#5 (WS) Ryūnosuke Tanaka
94%
Cheering Team Saeko Tanaka
91%
#12 (MB) Tadashi Yamaguchi
91%
Former Coach Ikkei Ukai
88%
Assistant Coach Keishin Ukai
88%
Manager Kiyoko Shimizu
84%
#6 (WS) Chikara Ennoshita
79%
Junior Manager Hitoka Yachi
79%
Cheering Team Akiteru Tsukishima
77%
Coach Ittetsu Takeda
71%
#8 (MB) Kazuhito Narita
65%
#7 (WS) Hisashi Kinoshita
64%
Girls' Captain Yui Michimiya
44%
Cheering Team Makoto Shimada
25%
Cheering Team Tenma Udai
15%
Cheering Team Yūsuke Takinoue
14%
Former Captain Hidemi Tashiro
12%
Former Captain Hiroki Kurokawa
10%
No matching quizzes found
Score Distribution
Percent of People with Each Score
Percentile by Number Answered
Your Score History
You have not taken this quiz